| 000 | 00000nam 2200000zi 4500 |
| 001 | 9.939770 |
| 003 | CaOODSP |
| 005 | 20241127112631 |
| 006 | m o d f |
| 007 | cr bn||||||||| |
| 008 | 240625s1976 oncab ob f000 0 eng d |
| 040 | |aCaOODSP|beng|erda|cCaOODSP |
| 041 | 0 |aeng|beng|bfre |
| 043 | |an-cn-nt |
| 045 | |ax7x7 |
| 086 | 1 |aEn57-58/839-1976E-PDF |
| 100 | 1 |aSheppard, B. E. |q(Brian E.)|eauthor. |
| 245 | 13|aAn Arctic calibration of the videograph / |cby Brian Sheppard = Étalonnage du vidéographe pour l'Arctique / par Brian Sheppard. |
| 246 | 31|aÉtalonnage du vidéographe pour l'Arctique |
| 264 | 1|aDownsview, Ontario : |bEnvironment Canada, Atmospheric Environment Service, |c1976. |
| 300 | |a1 online resource (13 pages, 2 unnumbered pages) : |billustrations, map. |
| 336 | |atext|btxt|2rdacontent |
| 337 | |acomputer|bc|2rdamedia |
| 338 | |aonline resource|bcr|2rdacarrier |
| 490 | 1 |aTechnical memoranda, |y0068-7804 ; |vTEC 839 |
| 500 | |aISSN of series should read: 0708-2878. |
| 500 | |a"Published under the authority of the Assistant Deputy Minister"--Cover. |
| 500 | |a"U.D.C: 551.508.92"--Cover. |
| 500 | |a"31 December 1976"--Cover. |
| 500 | |aDigitized edition from print [produced by Environment and Climate Change Canada]. |
| 504 | |aIncludes bibliographical references (page 7). |
| 520 | 3 |a"The Videograph visibility sensor has been calibrated against the prevailing visibility observations of meteorological observers in a variety oftemperate climate conditions by the Atmospheric Environment Service in 1970-1. Because this instrument is soon to be used at Canada's Meteorological Automated Reporting Stations in Arctic locations, we required additional calibration information for visibility restrictions experienced in colder climates. A Videograph was installed at Yellowknife Airport for the winter of 1975-6 to relate the daytime calibration in ice fog and ice crystals to that in snow. A graphical presentation of the data indicates no significant difference in the calibration for ice fog/crystals and snow"--Abstract. |
| 546 | |aIncludes abstracts in English and French. |
| 650 | 0|aVisibility|zNorthwest Territories|zYellowknife|xMeasurement|xInstruments|xCalibration. |
| 650 | 0|aMeteorological instruments|zNorthwest Territories|zYellowknife|xCalibration. |
| 650 | 6|aVisibilité|zTerritoires du Nord-Ouest|zYellowknife|xMesure|xInstruments|xÉtalonnage. |
| 650 | 6|aMétéorologie|xInstruments|zTerritoires du Nord-Ouest|zYellowknife|xÉtalonnage. |
| 710 | 1 |aCanada. |bAtmospheric Environment Service, |eissuing body. |
| 830 | #0|aTechnical memoranda (Canada. Atmospheric Environment Service)|vTEC 839.|w(CaOODSP)9.934501 |
| 856 | 40|qPDF|s984 KB|uhttps://publications.gc.ca/collections/collection_2024/eccc/en57/En57-58-839-1976-eng.pdf |